Premier League Appearances by Nationality: Czechia - Statistics

General Stats
  • This quiz has been taken 31 times
  • The average score is 5 of 10
Answer Stats
Appearances Player % Correct
443 Petr Cech
93%
217 Tomas Soucek
75%
122 Milan Baros
64%
170 Tomas Rosicky
64%
147 Vladimir Coufal
57%
229 Patrik Berger
36%
121 Vladimir Smicer
32%
82 Tomas Repka
18%
146 Pavel Srnicek
11%
169 Ludek Miklosko
7%
No matching quizzes found
Score Distribution
Percent of People with Each Score
Percentile by Number Answered
Your Score History
You have not taken this quiz